The Buddhist heritage of Pakistan (Record no. 565391)
[ view plain ]
| 000 -LEADER | |
|---|---|
| fixed length control field | 00369nam a2200121Ia 4500 |
| 008 - FIXED-LENGTH DATA ELEMENTS--GENERAL INFORMATION | |
| fixed length control field | 210430s9999 xx 000 0 und d |
| 020 ## - INTERNATIONAL STANDARD BOOK NUMBER | |
| International Standard Book Number | 978-969-9532-04-7 |
| 082 ## - DEWEY DECIMAL CLASSIFICATION NUMBER | |
| Classification number | 310.72 S5256B |
| 100 ## - MAIN ENTRY--PERSONAL NAME | |
| Personal name | Dr. Safdar Ali Shah & Syed Javaid A. Kazi |
| 245 #4 - TITLE STATEMENT | |
| Title | The Buddhist heritage of Pakistan |
| Statement of responsibility, etc. | Dr. Safdar Ali Shah & Syed Javaid A. Kazi |
| 300 ## - PHYSICAL DESCRIPTION | |
| Extent | 130 |
| 942 ## - ADDED ENTRY ELEMENTS (KOHA) | |
| Koha item type | Book |
| Source of classification or shelving scheme | |
| Withdrawn status | Lost status | Source of classification or shelving scheme | Damaged status | Not for loan | Permanent Location | Current Location | Shelving location | Date acquired | Full call number | Barcode | Date last seen | Price effective from | Koha item type |
|---|---|---|---|---|---|---|---|---|---|---|---|---|---|
| School of Chemical & Materials Engineering (SCME) | School of Chemical & Materials Engineering (SCME) | General Stacks | 10/15/6 | 310.72 S5256B | SCME-4602 | 04/30/2021 | 04/30/2021 | Book |
